000 01682nam a2200325 4500
003 EC-UNACH
005 20260312100327.0
006 s||||gr|||| 00| 00
008 150116t9999 mx r gr 000 0 spa d
020 _a978-987-591-089-8
040 _aEC-UNACH
_cEC-UNACH
041 _aEspañol
082 0 4 _223
_a709.11
_bL018580
100 _aAccornero, Mariana
245 _aEl rol del diseño y los Sistemas Simbólicos en América Prehispánica
250 _aPrimera Edición
_bSegunda Reimpresión
264 _aCórdoba - Argentina
_bEditorial Brujas
_c2007
300 _a95 páginas
_bFiguras
_c21 x 14 centímetros
501 _aIncluye Dedicatoria, Prólogo, Poema de la Revelación, Introducción, Índice, Bibliografía, Índice de Ilustraciones,
505 _aClasificación de motivos -- Silabario de decoración Americana -- Estilización simple y geometrizada -- Arte decorativo de los Diaguitas -- Profundización de los aspectos estéticos de Petroglifos y Pictografías de la provincia del Neuquén -- El ojo del tejedor -- La Yupana -- Ordenamientos compositivos de los diseños textiles -- Recursos plásticos e iconográficos en los textiles mapuches -- Proceso en la representación de Diseños Mapuches -- El uso del color -- Teoría del Color -- Proceso de Diseño
650 _aSISTEMAS SIMBOLICOS EN AMÉRICA
650 _aCULTURAS ORIGINARIAS DEL CONTINENTE AMERICANO
650 _aLENGUAJE SEMIOLÓGICO
650 _aRETÓRICA Y SIMETRÍA
650 _aCOSMOVISIÓN Y PENSAMIENTO AMERICANO
942 _2ddc
_c1
999 _c14389